|
|
|
|
| LEADER |
00767nta a2200193 i 4500 |
| 001 |
dipl136567 |
| 005 |
20230725110609.0 |
| 008 |
230725s2022 hu om 0|| hun d |
| 040 |
|
|
|a SZTE Diploma Repozitórium
|b hun
|
| 041 |
|
|
|a hun
|
| 100 |
1 |
|
|a Tóth Gabriella
|
| 245 |
1 |
0 |
|a Fejlesztő irodalomterápiás foglalkozások középiskolás diákok körében
|h [elektronikus dokumentum] /
|c Gabriella Tóth
|
| 246 |
1 |
0 |
|a Bibliotherapy sessions of self-reflection among high schools students
|h [elektronikus dokumentum]
|
| 260 |
|
|
|c 2022
|
| 650 |
|
4 |
|a Bölcsészettudományok
|
| 650 |
|
4 |
|a Social sciences
|
| 650 |
|
4 |
|a Other social sciences
|
| 700 |
1 |
|
|a Bencsik Orsolya
|e ths
|
| 856 |
4 |
0 |
|u https://diploma.bibl.u-szeged.hu/id/eprint/136567/1/2022_toth_gabriella.pdf
|z Dokumentum-elérés
|